[Event "POR-ch m"]
[Site "Barreiro"]
[Date "1996.??.??"]
[Round "1"]
[White "Silva, Fernando"]
[Black "Damaso, Rui"]
[Result "1/2-1/2"]
[WhiteElo "2365"]
[BlackElo "2415"]
[Annotator "Costa,L"]
[PlyCount "47"]
[EventDate "1996.??.??"]
[EventType "match"]
[EventRounds "6"]
[EventCountry "POR"]
[SourceTitle "EXT 1997"]
[Source "ChessBase"]
[SourceDate "1996.11.15"]
[SourceVersion "1"]
[SourceVersionDate "1996.11.15"]
[SourceQuality "1"]

1. c4 b6 2. Nf3 e6 3. b3 Bb7 4. Bb2 Nf6 5. e3 Be7 6. Be2 O-O 7. O-O d5 (7... c5
8. Nc3 (8. d4 d6 9. Nc3 a6 10. Qc2 Nbd7 11. Rad1 Re8 12. Qb1 cxd4 13. Nxd4 Ra7
14. Bf3 Bxf3 15. Nxf3 Qb8 16. a4 Rc8 $14 {Ivkov,B-Renet,O, FRA-chT 1989}) 8...
Nc6 9. d4 (9. a3 d5 10. cxd5 Nxd5 11. Rb1 Nf6 12. d3 Rc8 13. Qd2 Qd6 14. Rfd1
Rfd8 15. Qe1 Qb8 16. h3 h6 $10 {Andersson,U-Tal,M, Estocolmo1976}) 9... cxd4
10. Nxd4 d6 11. Bf3 Qd7 12. Rc1 Rfd8 13. Nxc6 Bxc6 14. Qe2 a6 15. Rfd1 Rac8 $10
{Ivkov,B-Bricard,E Montpellier,1991}) 8. d3 $146 (8. cxd5 exd5 9. d3 c5 10.
Nbd2 Nc6 11. Re1 Re8 12. Bf1 Nd7 13. Rc1 Nf8 14. d4 Ne6 15. dxc5 bxc5 16. Bb5
Qa5 17. Ba4 Red8 18. a3 Rac8 $15 {Andonov,B-Smagin,S Sochi,1987}) (8. Nc3 Nbd7
(8... c5 9. cxd5 Nxd5 10. d4 Nxc3 11. Bxc3 Nc6 12. Rc1 Rc8 13. dxc5 Bxc5 14.
Qxd8 Rfxd8 15. Bb2 Nb4 16. Rfd1 Nxa2 17. Rxd8+ Rxd8 18. Ra1 $13 {Averkin,
O-Karpov,An/URS-ch41 Moscovo 1973}) 9. Rc1 a6 10. d4 Bd6 11. a4 c5 12. cxd5
exd5 13. Rc2 Qe7 14. Qa1 Rfc8 15. Re1 c4 16. bxc4 dxc4 17. e4 Nxe4 18. Nxe4
Qxe4 19. Rxc4 Qg4 $13 {Larsen,B-Short,N, Hastings 1988}) 8... c5 9. Nbd2 Nc6
10. Ne5 Nxe5 11. Bxe5 Bd6 12. Bxd6 (12. Bb2 $5) 12... Qxd6 13. Bf3 $5 Rfd8 $1
14. Qc2 Rab8 15. Rfd1 Qe7 16. Rac1 $1 d4 17. exd4 Rxd4 18. Bxb7 Qxb7 19. Nf3
Rd7 (19... Rg4 $5 {/\ Qxf3}) 20. d4 Rbd8 21. dxc5 bxc5 22. Ne5 Rd4 23. Nf3 R4d7
24. Ne5 1/2-1/2

[Event "Ter Apel"]
[Site "Ter Apel"]
[Date "1995.??.??"]
[Round "4"]
[White "Dautov, Rustem"]
[Black "Andersson, Ulf"]
[Result "1/2-1/2"]
[WhiteElo "2625"]
[BlackElo "2630"]
[Annotator "Dautov,R"]
[PlyCount "69"]
[EventDate "1995.03.??"]
[EventType "tourn"]
[EventRounds "5"]
[EventCountry "NED"]
[EventCategory "16"]
[SourceTitle "CBM 047"]
[Source "ChessBase"]
[SourceDate "1995.08.01"]
[SourceVersion "1"]
[SourceVersionDate "1995.08.01"]
[SourceQuality "1"]

1. d4 {Hansen,Cu} Nf6 2. c4 e6 3. Nf3 Bb4+ 4. Nbd2 b6 5. g3 Ba6 6. Qc2 Bb7 7.
Bg2 c5 (7... Be4) 8. dxc5 Bxc5 9. O-O Be7 10. b3 (10. e4 d6 11. Nd4 (11. e5
dxe5 12. Nxe5 Bxg2 13. Kxg2 Qc7 $10) 11... Qc8 12. b3 Nc6 $10) 10... d6 11. Bb2
Nbd7 12. e4 (12. Rad1 {Hansen,Cu} Qc7 13. Qb1 (13. Ng5 Bxg2 14. Kxg2 b5 15.
Nge4 O-O 16. Nxf6+ {1/2-1/2 Van Wely,L-Lerner,K/Bern op(6) 1993}) 13... O-O 14.
Qa1 (14. e4 a6 15. Nd4 Rfe8 16. Rfe1 Bf8 17. h3 Rac8 18. Nf1 Nc5 19. Nd2 Ncd7
20. Re2 {1/2-1/2 Piket,J-Huebner,R/WaZ A 1992}) 14... Rac8 15. Ne1 Rfd8 16.
Bxb7 Qxb7 $10 {Miralles,G-Adorjan,A/Novi Sad olm/1990/}) (12. Ng5 {Hansen,Cu}
Bxg2 13. Kxg2 Rc8 14. Rac1 h6 15. Ngf3 O-O 16. Rfd1 Qc7 17. h3 Qb7 18. Qd3 Rfd8
19. Kg1 Nc5 20. Qe3 d5 $10 {= Hjartarson,J-Sax,Gy/Reykjavik 46/(723) 1988}) (
12. b4 {Hansen,Cu} O-O 13. Rac1 Rc8 14. Nd4 Bxg2 15. Kxg2 Qc7 16. e4 Qb7 17. b5
$16 {Hoffmann,M-Kupper,P/Mitropa-Cup/1991/}) 12... O-O 13. Nd4 Qc7 (13... d5 $6
{Hansen,Cu} 14. exd5 exd5 15. Nf5 $16) 14. Rac1 a6 $10 15. Nb1 Rfe8 (15... b5
$1 {>=} 16. Qe2 (16. cxb5 Qxc2 17. Rxc2 Bxe4 18. Bxe4 Nxe4 19. Rc7 Nec5 20. b4
Bd8 21. Rc6 Nd3 22. Rxd6 N7e5 $15) 16... Qb6 17. Nd2 $10) 16. Nc3 {><b5,><d5}
Bf8 17. Qd2 Rad8 18. Rfe1 Qb8 19. h3 {><g4} g6 20. Rcd1 Bg7 21. Ba1 Nc5 22. Nc2
$1 {/\b4} (22. b4 $6 {Hansen,Cu} Ncd7 {קc4}) 22... Qa8 (22... Qc7 23. b4 Ncd7
24. Qxd6 Qxc4 25. Ne3 Qc8 $10) 23. Qf4 (23. f3 {Hansen,Cu} d5 $5 24. cxd5 exd5
25. e5 Nh5 {קe5,קg3}) 23... Nh5 24. Qe3 f5 {/\Nf6,קe4} 25. b4 Nxe4 26. Nxe4
Bxe4 (26... Bxa1 $2 27. Nxd6 Bxg2 28. Nxe8 Rxe8 29. Nxa1 Bxh3 30. f3 $16) 27.
Bxe4 Qxe4 28. Qxe4 fxe4 29. Bxg7 Kxg7 30. Rxe4 Kf7 31. Red4 Ke7 32. a4 (32. Ne3
$142 Nf6 $10) 32... Rd7 33. Ne3 Nf6 34. f4 Ra8 35. g4 (35. g4 a5 36. b5 Rc8 37.
g5 Ne8 38. Re4 Kf7 $10) 1/2-1/2

[Event "Barcelona Sants op 21st"]
[Site "Barcelona"]
[Date "2019.09.01"]
[Round "10"]
[White "Salinas Herrera, Pablo Patricio"]
[Black "Moehn, Hans"]
[Result "1-0"]
[WhiteElo "2506"]
[BlackElo "2370"]
[Annotator "Doe,John"]
[PlyCount "39"]
[EventDate "2019.08.23"]
[EventType "swiss"]
[EventRounds "10"]
[EventCountry "ESP"]
[SourceTitle "EXT 2020"]
[Source "ChessBase"]
[SourceDate "2019.10.17"]
[SourceVersion "1"]
[SourceVersionDate "2019.10.17"]
[SourceQuality "1"]

1. Nf3 Nf6 2. g3 g6 3. b3 Bg7 4. Bb2 O-O 5. Bg2 c5 6. c4 Nc6 7. O-O d6 8. d3
Rb8 9. Nc3 Bf5 10. Qd2 Qd7 11. Nd5 e5 12. Rfe1 Nxd5 13. cxd5 Ne7 14. b4 b6 15.
Bh1 Bg4 16. Nh4 Nf5 17. Nxf5 Bxf5 18. a4 Rfc8 19. Rec1 Re8 20. Bg2 {il.legible}
1-0

[Event "Biel"]
[Site "Biel"]
[Date "1986.07.25"]
[Round "5"]
[White "Lobron, Eric"]
[Black "Klinger, Josef"]
[Result "1-0"]
[WhiteElo "2515"]
[BlackElo "2430"]
[Annotator "Dolmatov,S"]
[PlyCount "73"]
[EventDate "1986.07.20"]
[EventType "tourn"]
[EventRounds "11"]
[EventCountry "SUI"]
[EventCategory "12"]
[SourceTitle "MCL"]
[Source "ChessBase"]
[SourceDate "1999.07.01"]
[SourceVersion "1"]
[SourceVersionDate "1999.07.01"]
[SourceQuality "1"]

1. Nf3 Nf6 2. c4 b6 3. g3 Bb7 4. Bg2 e6 5. O-O Be7 6. Nc3 O-O 7. Re1 c5 (7...
d5 $5) 8. e4 d6 9. d4 cxd4 10. Nxd4 Qc8 (10... a6 $2 11. e5 dxe5 12. Bxb7 Ra7
13. Nc6 Qxd1 14. Nxe7+ Kh8 15. Rxd1 Rxb7 16. b3 Rxe7 17. Ba3 $16) 11. b3 a6 12.
Bb2 Nbd7 13. Rc1 Qc7 14. Rc2 Rad8 $6 (14... Rac8 $5 15. Rd2 Rfe8 (15... Qb8 16.
f4 Rfe8 $13) 16. f4 g6 $6 17. Ncb5 axb5 18. Nxb5 $44) 15. Rd2 Ne5 16. Nc2 (16.
f4 Nc6) 16... Qb8 17. f4 Ng6 $6 (17... Ned7 18. e5) 18. Nd4 Rfe8 19. f5 exf5
20. Nxf5 $16 Bf8 21. Rf2 (21. Nd5 Nxd5 22. exd5 Ne5 23. Rde2 $16) 21... Nd7 22.
Ref1 Nge5 23. Qh5 (23. Qd2) 23... g6 (23... Nd3 $5 24. Nxg7 (24. Nh6+ gxh6 25.
Qxf7+ (25. Qg4+ Kh8) 25... Kh8) 24... Bxg7 25. Rxf7 N7e5) 24. Nh6+ Bxh6 25.
Qxh6 Ng4 26. Qg5 Nxf2 27. Rxf2 Ne5 $15 28. Nd1 Qc7 29. Ne3 Rf8 $2 (29... Qe7
30. Rf6 h6 31. Qh4 $15) 30. Qf6 Qd7 (30... Rfe8 31. Ng4 $40) 31. Nf5 $18 gxf5
32. Rxf5 Rfe8 33. Rg5+ Kf8 34. Qh8+ Ke7 35. Rxe5+ dxe5 36. Ba3+ Qd6 37. Qxe5+
1-0

[Event "Olympiad-31"]
[Site "Moscow"]
[Date "1994.12.06"]
[Round "6.4"]
[White "Itkis, Boris"]
[Black "Kudrin, Sergey"]
[Result "1-0"]
[WhiteElo "2455"]
[BlackElo "2550"]
[Annotator "Dolmatov,S"]
[PlyCount "71"]
[EventDate "1994.12.01"]
[EventType "team-swiss"]
[EventRounds "14"]
[EventCountry "RUS"]
[SourceTitle "CBM 045"]
[Source "ChessBase"]
[SourceDate "1995.04.01"]
[SourceVersion "1"]
[SourceVersionDate "1995.04.01"]
[SourceQuality "1"]
[WhiteTeam "Moldova"]
[BlackTeam "US of America"]
[WhiteTeamCountry "MDA"]
[BlackTeamCountry "USA"]

1. Nf3 c5 2. c4 Nf6 3. g3 b6 4. Bg2 Bb7 5. O-O g6 (5... e6 6. Nc3 Be7 7. d4
cxd4 8. Nxd4 Bxg2 9. Kxg2 Qc8 10. Qd3 Nc6 $10) 6. b3 Bg7 7. Bb2 O-O 8. Nc3 e6 (
8... Ne4 9. Na4 (9. Qc2 $5) 9... Bxb2 10. Nxb2 d5 11. cxd5 Bxd5 12. Qc1 Nc6 13.
d3 Nd6 $10 {Tal,M-Korchnoi,V/Leningrad/1973/}) 9. d4 (9. Rb1 Qe7 10. e3 Rd8 11.
d4 d5 12. cxd5 exd5 13. Ne5 Nbd7 $10 {Keene,R-Smyslov,V/Hastings/1969/}) 9...
d6 10. Rc1 a6 11. Qd2 cxd4 (11... Qe7 12. Rfd1 Rd8 13. Ne1 (13. Na4 Qc7 $132)
13... Bxg2 14. Nxg2 Nc6 15. d5 Nd4 $13) 12. Nxd4 Bxg2 13. Kxg2 Qc7 14. Rfd1 Rd8
15. Qe3 Nbd7 $10 16. h3 Re8 17. Nf3 Nc5 18. b4 $6 Ncd7 19. Qd4 Qb7 $1 20. Kg1 (
20. Qxd6 Bf8 21. Qf4 Bxb4 $15) 20... Nd5 $6 (20... Rac8 21. a3 d5 $10) 21. Qd2
Nxb4 22. a3 Nc6 23. Ne4 $1 Red8 24. Bxg7 Kxg7 25. Nxd6 Qb8 (25... Qc7) 26. Qb2+
f6 27. Ne4 (27. Ne8+ Rxe8 28. Rxd7+ Re7 29. Rcd1 Ra7 30. Rxa7 Qxa7 $13) (27.
Ng5 $6 Nc5) 27... e5 28. Rd6 Qc7 29. Rd5 (29. Rcd1 Nc5 30. Rxd8 Rxd8 31. Rxd8
Nxd8 $10) 29... Nf8 $6 (29... Ne7 30. Rd2 Nc5 $15) 30. Rcd1 Na5 31. Qb4 Rxd5 $2
(31... Nc6 32. Qc3 Ne6 $10) 32. cxd5 Rd8 33. g4 h6 34. Rd3 Nc4 $2 35. d6 Qc6
36. d7 $18 (36. d7 Kf7 (36... Qxe4 37. Qe7+) 37. Qxc4+ Qxc4 38. Nd6+) 1-0

[Event "Moscow International-A"]
[Site "Moscow"]
[Date "1985.04.??"]
[Round "?"]
[White "Romanishin, Oleg M"]
[Black "Ftacnik, Lubomir"]
[Result "1/2-1/2"]
[WhiteElo "2570"]
[BlackElo "2545"]
[Annotator "Dolmatov,S"]
[PlyCount "67"]
[EventDate "1985.04.12"]
[EventType "tourn"]
[EventRounds "11"]
[EventCountry "URS"]
[EventCategory "13"]
[SourceTitle "MCL"]
[Source "ChessBase"]
[SourceDate "1999.07.01"]
[SourceVersion "1"]
[SourceVersionDate "1999.07.01"]
[SourceQuality "1"]

1. c4 Nf6 2. g3 c5 3. Bg2 e6 4. Nf3 a6 5. Nc3 b6 (5... Be7 6. O-O O-O 7. d4
cxd4 8. Qxd4 Nc6 9. Qf4 d6 10. Rd1 Bd7 $10) 6. d4 cxd4 7. Nxd4 Ra7 8. O-O $14
Be7 9. e4 d6 10. Be3 (10. Qb3 $6 O-O 11. Rd1 Qc7 12. h3 Nbd7 $10) 10... O-O 11.
a4 Rc7 12. Qe2 Nfd7 (12... Bb7 13. Nb3 Nbd7 14. a5 Rc8 15. axb6 Nxb6 16. Na5
$16) 13. Rfd1 $6 (13. f4 $1 Bb7 14. f5 e5 (14... Nc6 $2 15. fxe6 Nxd4 16. exf7+
$18) 15. Nb3 $16) 13... Bb7 14. a5 (14. f4 Qc8 15. b3 Nc6 16. Nxc6 Bxc6 17. a5
bxa5 18. Rxa5 Qb7 $132) 14... bxa5 15. Nb3 (15. Rxa5 $2 Rxc4 $15) 15... Nc6 16.
c5 dxc5 17. Nxc5 Qc8 (17... Bc8 $2 18. Nxa6 $16) 18. Nxb7 Rxb7 (18... Qxb7 $5
19. e5 Ndxe5 20. Bf4 f6 $13) 19. Qxa6 $10 Nc5 20. Bxc5 Bxc5 21. e5 Rc7 22. Qxc8
Rcxc8 23. Ne4 $6 (23. Bxc6 Rxc6 24. Rxa5 Bb4 25. Rb5 Bxc3 26. Rc1 Rfc8 27. Rxc3
Rxc3 28. bxc3 g5 $1 29. Rb3 Rc5 $10) 23... Nxe5 $1 24. Rxa5 Bd4 $10 25. b3 (25.
Rxd4 $2 Rc1+ 26. Bf1 Nf3+ $19) 25... Rfd8 26. Kf1 Nc6 27. Ra4 e5 28. Rc1 (28.
Rc4 $2 Na5 $17) 28... Na7 29. Rxc8 Rxc8 30. Rc4 Rxc4 (30... Rb8 31. Nc5 $10)
31. bxc4 Kf8 32. Nd6 g6 33. Bd5 f5 34. f3 1/2-1/2

[Event "San Martin"]
[Site "San Martin"]
[Date "1995.??.??"]
[Round "1"]
[White "Scarella, Enrique Alejandro"]
[Black "Spangenberg, Hugo"]
[Result "0-1"]
[WhiteElo "2380"]
[BlackElo "2500"]
[Annotator "Endgame-CD"]
[PlyCount "240"]
[EventDate "1995.03.??"]
[EventType "tourn"]
[EventRounds "13"]
[EventCountry "ARG"]
[EventCategory "10"]
[SourceTitle "CBM 048"]
[Source "ChessBase"]
[SourceDate "1995.10.01"]
[SourceVersion "1"]
[SourceVersionDate "1995.10.01"]
[SourceQuality "1"]

1. Nf3 Nf6 2. c4 c5 3. Nc3 b6 4. g3 Bb7 5. Bg2 g6 6. O-O Bg7 7. d4 cxd4 8. Qxd4
d6 9. Rd1 Nbd7 10. Be3 Rc8 11. Rac1 O-O 12. Qh4 Bxf3 13. exf3 a6 14. b3 Re8 15.
f4 Nc5 16. b4 Ncd7 17. Nd5 e6 18. Nxf6+ Bxf6 19. Qg4 Qc7 20. Qf3 a5 21. bxa5
bxa5 22. Qb7 Qxb7 23. Bxb7 Rc7 24. Ba6 Be7 25. Bb5 Rec8 26. Rb1 Nc5 27. Kg2 Kf8
28. Kf3 Rd8 29. Bd2 Ra8 30. Bc3 f5 31. Be1 Kf7 32. Rbc1 Bf8 33. Bc3 Ne4 34. Bb2
Bg7 35. Ba3 Ke7 36. Rd3 Rd8 37. Kg2 Kf7 38. f3 Nc5 39. Rd2 Bf8 40. Re1 Bg7 41.
Red1 Ke7 42. Re2 Bc3 43. Rc2 Bb4 44. Bb2 Nd7 45. Re2 Kf7 46. Bd4 Rb8 47. Rb1
Rbc8 48. Rd1 Nb8 49. a4 Nd7 50. Rd3 Nc5 51. Bxc5 Bxc5 52. Red2 Ke7 53. Rd1 h6
54. h4 Rg8 55. Rh1 Rcc8 56. Rd2 Rg7 57. Re2 Bb4 58. Rd1 Kf6 59. Re3 Rcg8 60.
Red3 g5 61. hxg5+ hxg5 62. fxg5+ Rxg5 63. f4 Rg4 64. Rf1 R8g7 65. Bc6 e5 66.
fxe5+ dxe5 67. Bd7 Rxg3+ 68. Rxg3 Rxd7 69. Rh3 Rg7+ 70. Rg3 Rc7 71. Rh3 Rxc4
72. Rh5 f4 73. Kf3 Rc3+ 74. Ke4 Re3+ 75. Kd5 Rd3+ 76. Ke4 Rd4+ 77. Kf3 Ke6 78.
Kg4 Bd2 79. Rd1 Kd5 80. Kf3 Be3 81. Rxd4+ Kxd4 82. Ke2 Ke4 83. Rh3 Bd4 84. Rb3
Be3 85. Rb5 f3+ 86. Kd1 Bd4 87. Kd2 Kf4 88. Rxa5 e4 89. Ra8 e3+ 90. Kd3 e2 91.
Re8 Be5 92. Kd2 Bc3+ 93. Kxc3 f2 94. Rxe2 f1=Q {T+a-Bauer - D keine
theoretische Remisstellung (auch nicht zu erreichen) ab Zug 107 T-D (ohne
Bauer)} 95. Rc2 (95. Ra2 Qc1+ 96. Kb3 Qb1+ 97. Ka3 Ke4 98. Rb2 Qa1+ 99. Kb3 Kd4
$19) 95... Ke4 96. Kb2 Kd3 97. Rc3+ Kd4 98. Rc1 Qe2+ 99. Rc2 Qd1 100. Rf2 Kc4
101. Rf4+ Kc5 102. Rf5+ Kb4 103. Rf4+ Ka5 104. Rc4 Qd3 105. Rc3 (105. Rh4 Qe2+
106. Kb3 Qf3+ $19) 105... Qd4 106. Kb3 Qxa4+ 107. Kb2 Qd4 {dauert laut
ENDSPIEL-CD 24 Züge; besser Dd1} 108. Kb3 Kb5 109. Rc2 (109. Kc2 $142) 109...
Qd3+ (109... Qb4+ $142) 110. Kb2 Kb4 111. Kc1 Qe4 112. Kb2 (112. Kd2 $142 {
- verlängert um 9 Züge!}) 112... Qe5+ 113. Ka2 Qd5+ (113... Qf6 $142 {-
Wartezug!}) 114. Kb2 Qd1 115. Rc1 (115. Rc8 $142) 115... Qb3+ 116. Ka1 Ka3 (
116... Qd5 $142) 117. Rc2 Qd5 118. Rc3+ Kb4 119. Rc2 (119. Rh3 $142) 119... Kb3
120. Rb2+ Ka3 0-1

[Event "Hasselbacken op"]
[Site "Stockholm"]
[Date "2000.08.06"]
[Round "7"]
[White "Engqvist, Thomas"]
[Black "Smetankin, Stanislav"]
[Result "1-0"]
[WhiteElo "2350"]
[BlackElo "2415"]
[Annotator "Engqvist"]
[PlyCount "147"]
[EventDate "2000.07.31"]
[EventType "swiss"]
[EventRounds "9"]
[EventCountry "SWE"]
[SourceTitle "CBM 078"]
[Source "ChessBase"]
[SourceDate "2000.10.18"]
[SourceVersion "1"]
[SourceVersionDate "2000.10.18"]
[SourceQuality "1"]

1. Nf3 c5 2. c4 Nf6 3. Nc3 b6 4. g3 Bb7 5. Bg2 e6 6. O-O Be7 7. b3 O-O 8. d4
cxd4 9. Nxd4 Bxg2 10. Kxg2 Qc8 11. Qd3 Nc6 12. Nxc6 Qxc6+ 13. Qf3 Rfc8 14. Bb2
a6 {[%cal Gb6b5]} 15. Qxc6 Rxc6 16. Kf3 b5 $2 (16... Rb8 17. Nd1 $1 (17. a4 d6
{[%csl Rb3][%cal Gf6d7,Gd7c5]}) (17. Rfc1 b5 18. cxb5 (18. Nd1 bxc4 19. Rxc4
Rxc4 20. bxc4) 18... axb5 19. Ne4 Nxe4 20. Kxe4 Rxc1 21. Rxc1 Ra8 22. Kd3 $11 {
[%cal Yc1c7]} Rxa2 $140 23. Rc8+ Bf8 24. Bc3 Ra6 25. Bb4 d6 26. Rb8 {[%csl Rb5]
}) 17... b5 18. Ne3 bxc4 19. Nxc4 Rxc4 20. Bxf6 (20. bxc4 Rxb2 21. Rfb1 Rb4 $3)
20... Bxf6 21. bxc4 Bxa1 22. Rxa1 Kf8 23. Rd1 Ke7 24. Rd3 $11) 17. cxb5 axb5
18. Nxb5 Rc2 19. Rfb1 e5 $2 20. Bxe5 Rc5 (20... Rcxa2) 21. Bd6 $1 {Smetankin
overlooked this move.} (21. Bxf6 $2 Bxf6) 21... Rf5+ 22. Kg2 Bd8 23. a4 Bb6 (
23... Ng4 24. f3 Ne3+ 25. Kh1 Bf6 (25... Nc2 26. Ra2 Rxb5 27. Rxc2 $18) 26. Ra3
$18) (23... Ne4 24. f3 Rxb5 25. axb5 Rxa1 26. Rxa1 Nxd6 27. Ra8 Nb7 28. Rb8 $18
) 24. f3 Nd5 {[%csl Re3]} 25. Kh1 (25. e4 Ne3+ 26. Kh1 Rxf3) 25... Ne3 26. Bf4
(26. Bc7 $5 Nc2 (26... Bc5 $5) 27. Bxb6 (27. Ra2 Nb4) 27... Nxa1 28. Nd4 $1 (
28. Rxa1 $2 Rxb5) 28... Rf6 29. a5 $18) 26... h5 27. Nd6 (27. Bxe3) 27... Rf6
28. Bxe3 Bxe3 29. Rd1 h4 30. Kg2 (30. b4 h3 {[%csl Rh1]}) 30... hxg3 31. hxg3
Re6 32. Ra2 $1 (32. b4 Bg5 $1 {[%csl Rb4,Rd6,Re2][%cal Gg5e7]}) 32... Rb8 33.
Rd3 Bc5 34. Ne4 Be7 35. g4 g6 36. a5 (36. g5 Re5) 36... f5 37. gxf5 gxf5 38.
Ng3 f4 (38... Rg6 39. f4) 39. Ne4 Rg6+ 40. Kf1 Rb5 $1 41. Ra4 $1 (41. a6 $1 Rh5
42. Nf2 Bc5 43. Ng4 Rh1+ 44. Kg2 Rg1+ 45. Kh2 Rg5 46. e3 fxe3 47. a7 Rh5+ 48.
Kxg1 e2+ 49. Kg2 e1=Q 50. a8=Q+ $18) 41... Rh5 42. Ke1 Rxa5 43. Rxa5 Bb4+ 44.
Kd1 Bxa5 45. Rd5 {[%cal Yd5d7,Yd5g5,Yd5a5]} (45. Rxd7 Rg1+ 46. Kc2 Re1 47. Kd3
Rd1+ 48. Kc4 Rxd7 49. Nf6+ $18) 45... Bb6 46. Rxd7 Be3 47. Kc2 Kf8 48. b4 Ke8
49. Rd6 Rg1 50. Rd1 Rg2 51. Kd3 Kd7 52. Nc3 {[%cal Yc3d5]} Ke6 53. Ra1 Rg8 54.
Ke4 Rc8 55. Ra6+ Kd7 56. Nd5 Rc4+ 57. Ke5 Rc2 58. Rd6+ (58. Nxf4) 58... Ke8 59.
Nxe3 fxe3 60. Kf4 Rxe2 61. Re6+ Kf7 62. Rxe3 Rb2 63. Re4 Kf6 64. Rc4 Ke6 65.
Rc6+ Kd5 (65... Kd7 66. Rb6 Kc7 67. Re6 Rxb4+ 68. Kg5 $18) (65... Kf7 66. Rb6
Rb3 67. Rb8 $18 {[%cal Yb4b7,Yf4e4,Yf3f7]}) 66. Rb6 Rb3 67. Kg4 Rb1 68. Kf5 Rh1
69. f4 Rh8 70. Kg6 Rg8+ 71. Kf7 Rg4 72. f5 Ke5 73. f6 Rf4 74. Ke7 1-0

[Event "EU-ch 2nd"]
[Site "Ohrid"]
[Date "2001.06.01"]
[Round "1"]
[White "Sulava, Nenad"]
[Black "Rublevsky, Sergei"]
[Result "0-1"]
[WhiteElo "2526"]
[BlackElo "2657"]
[Annotator "Finkel,A"]
[PlyCount "72"]
[EventDate "2001.06.01"]
[EventType "swiss"]
[EventRounds "13"]
[EventCountry "YUG"]
[SourceTitle "CBM 084"]
[Source "ChessBase"]
[SourceDate "2001.09.13"]
[SourceVersion "1"]
[SourceVersionDate "2001.09.13"]
[SourceQuality "1"]

1. d4 d5 2. Nf3 e6 3. g3 c5 4. c4 (4. Bg2 g6 (4... Qb6 5. O-O Nf6 6. c4 dxc4 7.
Nc3 cxd4 8. Nxd4 e5 9. Qa4+ Bd7 10. Ndb5 Na6 11. Be3 Bc5 12. Bxc5 Nxc5 13. Qxc4
Be6 $11 {Larsen,B-Patterson,N/Siegen 1970/MCD}) 5. dxc5 Bg7 6. O-O Na6 7. e4
Nxc5 8. exd5 exd5 9. Nc3 Ne7 10. Be3 Ne6 11. Nd4 O-O 12. Re1 $14 {Ogaard,
L-Arnason,T/Gausdal 1986/EXT 97}) 4... dxc4 5. Bg2 (5. Qa4+ Nc6 6. dxc5 Bxc5 7.
Bg2 Qa5+ 8. Qxa5 Nxa5 9. Nbd2 Ne7 10. Ne4 Bb4+ 11. Bd2 Nec6 12. O-O Bxd2 13.
Nfxd2 Ke7 14. Rfc1 $14 {Topalov,V-Rublevsky,S/Frankfurt 2000/CBM 76 ext}) 5...
Nc6 6. Qa4 (6. Na3 cxd4 7. Nxc4 e5 8. O-O f6 9. e3 Be6 10. b3 Bc5 11. exd4 Nxd4
12. Nxd4 Bxd4 $11 {Konopka,M-Loeffler,S/Formia 1994/EXT 99}) 6... cxd4 7. Nxd4
Qxd4 8. Bxc6+ Bd7 9. Be3 Bxc6 10. Qxc6+ bxc6 {Showing his agressive intentions,
blak has absolutely no problems after} (10... Qd7 11. Qxc4 Rc8 12. Qb3 Bc5 13.
O-O Bxe3 14. Qxe3 a6 15. Nc3 Nf6 16. Rfd1 Qe7 $11 {,but he has no real chanse
to win this position as well Helms,S-Schmitz,T/Germany 1992/EXT 97}) 11. Bxd4
Bb4+ 12. Kf1 Nf6 $1 (12... f6 13. Kg2 e5 14. Be3 Ne7 15. Rc1 Kd7 16. Rxc4 Rhb8
17. Nc3 Bxc3 18. bxc3 Rb2 19. Rd1+ $14 {Jauregui Andrade,C-Eliskases,E/Mar del
Plata 1953/MCD}) 13. Kg2 {This natural move seems to be inaccuracy, because
now it's not so easy for white to take the pawn on c4!} (13. e3 Ke7 14. Ke2 c5
15. Bxf6+ Kxf6 16. Rc1 $11) 13... c5 $5 14. Bxf6 gxf6 15. Rc1 Rd8 $1 {[%csl
Ra1,Rb1][%cal Gd8d1]} 16. Kf3 ({Too dangerous looks} 16. a3 Ba5 17. Rxc4 Rd1 $1
18. Rxc5 Bd8 $1 19. Rc2 f5 $1 $17 {[%cal Gd8f6,Ge8g8,Gh8f8] and I don't see a
way to develop the pieces of the queensie.}) 16... Ke7 17. a3 (17. e3 Rd5 18.
Ke2 Rhd8 19. a3 Ba5 20. Rxc4 Rd1 21. Rxc5 Bb6 22. Rc2 Rh1 $17) 17... Ba5 18.
Nc3 Rb8 19. Na4 Rb3+ 20. e3 c3 $1 21. bxc3 c4 $17 {[%csl Ra3,Rc3] Now it's
clear that black has won an opening battle.} 22. Nc5 $5 Rxc3 23. Rcb1 (23. Rxc3
Bxc3 24. Rc1 Bb2 25. Rxc4 Bxa3 26. Nb7 Ra8 (26... Rb8 27. Rc7+ Ke8 28. Na5 $1
$15) 27. Rc7+ Ke8 28. Na5 Bb4 29. Nc6 Bc5 $17) 23... Rc8 24. Rb5 Bd8 (24... Bb6
$2 25. Na4 Rb3 26. Rxb3 cxb3 27. Rb1 $11) 25. Rd1 f5 $1 {[%csl Ge4] Taking
control of square e4.} (25... Rxa3 $2 26. Rb7+ Ke8 (26... Kf8 $6 27. Rdd7 $1
Rxc5 28. Rxf7+ Ke8 29. Rxh7 Rc7 30. Rbxc7 Bxc7 31. Rxc7 c3 32. h4 $14) 27. Ne4
$1 Ra6 28. Nd6+ Rxd6 29. Rxd6 c3 30. Rd1 c2 31. Rc1 $14 {[%cal Gf3e2,Ge2d3]})
26. Rd7+ (26. Rb7+ Ke8 $19 {[%csl Rc5]}) 26... Ke8 27. Rxa7 Be7 28. Na6 Rxa3 {
[%cal Gc4c1]} 29. Rbb7 Bd6 30. Nc7+ (30. Rxf7 $2 Rc6 $1 {[%csl Ra6]} (30...
Rxa6 $2 31. Rxa6 Kxf7 32. Rxd6 c3 33. Rd1 c2 34. Rc1 $14) 31. Rxh7 (31. Rf6 Be7
32. Nb8 $5 Rb6 $1 $19) 31... Raxa6 32. Rh8+ Bf8 $19) 30... Kf8 $19 31. Rxa3
Bxa3 32. Nb5 (32. Ke2 c3 33. Kd3 c2 34. Kxc2 Bd6 $19 {[%cal Gc8c2]}) 32... Be7
33. Na7 $6 Rc5 34. Rb8+ Kg7 35. Ke2 c3 36. Rc8 c2 0-1